[Event "Fide Mercenarios 5th"]
[Site "Mexico City"]
[Date "1995.??.??"]
[Round "11"]
[White "Guevara, Mario"]
[Black "Castillo, Alfonso"]
[Result "1-0"]
[WhiteElo "2260"]
[BlackElo "2000"]
[PlyCount "105"]
[EventDate "1995.??.??"]
[EventType "tourn"]
[EventRounds "11"]
[EventCountry "MEX"]
[SourceTitle "EXT 2000"]
[Source "ChessBase"]
[SourceDate "1999.11.16"]
[SourceVersion "1"]
[SourceVersionDate "1999.11.16"]
[SourceQuality "1"]

1. c4 Nf6 2. Nc3 g6 3. d4 Bg7 4. e4 d6 5. f3 c6 6. Be3 Qb6 7. Qd2 a5 8. Bd3 Nfd7 9. Nge2 a4 10. 0-0 a3 11. Rab1 axb2 12. Rxb2 Qa5 13. Bh6 Bf6 14. f4 Qh5 15. Bg5 Bxg5 16. fxg5 h6 17. Qf4 hxg5 18. Qxf7+ Kd8 19. h3 Qh7 20. Qxh7 Rxh7 21. e5 dxe5 22. Bxg6 Rg7 23. Bf5 exd4 24. Nxd4 Nc5 25. Rd2 Kc7 26. Ndb5+ cxb5 27. Nd5+ Kc6 28. cxb5+ Kxb5 29. Nc7+ Kc6 30. Nxa8 Bxf5 31. Rxf5 Nbd7 32. Rdd5 Rg8 33. Nc7 b6 34. Nb5 Kxb5 35. Rxd7 e6 36. Re5 Ra8 37. Rd2 Kc4 38. Rxg5 Ne4 39. Rg4 Kc3 40. Re2 Nd2 41. a4 Nc4 42. Rxe6 Rxa4 43. Rxc4+ Rxc4 44. Rxb6 Kd3 45. Re6 Rh4 46. Kh2 Ra4 47. g4 Kd4 48. h4 Kd5 49. Rg6 Ke5 50. h5 Ra2+ 51. Kg3 Ra3+ 52. Kh4 Ra1 53. Kg5 1-0